=LDR 00000nam 2200000 4500 =001 INLIS000000000045779 =005 20150210094250.0 =006 =007 =008 =020 ##$$a 978-979-26-3645-1 =035 ##$$0010-021500000000339 =040 ##$$a NBPDMAT =082 ##$$a 627.4 =090 ##$$a 627.4 $b Mis a =100 ##$$a Mistra =245 ##$$a Antisipasi Rumah di daerah Rawan Banjir/ $c Mistra =250 ##$$a Cet.1 =260 ##$$a Jakarta : $b Penebar Swadaya, $c 2007 =300 ##$$a 79 hlm. : $b ilus. ; $c 23 cm. =650 ##$$a Banjir, Penanggulangan =850 ##$$a NBPDMAT